Wszystkie powiaty w Polsce na literę Z i Ż - Statystyki

Ogólne statystyki
  • Ten quiz został rozwiązany 102 razy
  • Średni wynik to 16 z 21
Statystyki odpowiedzi
Podpowiedź Odpowiedź % Poprawnych
miasto Żory
87%
żywiecki
87%
żarski
86%
miasto Zabrze
84%
żyrardowski
84%
zamojski
82%
zawierciański
81%
miasto Zielona Góra
81%
żagański
80%
zambrowski
80%
miasto Zamość
80%
zielonogórski
80%
zgorzelecki
69%
żuromiński
69%
zgierski
67%
zwoleński
64%
ząbkowicki
61%
złotoryjski
61%
żniński
60%
złotowski
56%
zduńskowolski
52%
Nie znaleziono quizów pasujących do podanych kryteriów
Rozkład punktacji
Procent ludzi z każdym wynikiem
Percentyl według liczby udzielonych odpowiedzi
Twoja historia wyników
Nie rozwiązałeś tego quizu